| 000 | 00523nam a22001457a 4500 | ||
|---|---|---|---|
| 008 | 150219b xxu||||| |||| 00| 0 eng d | ||
| 050 | _aBM535.D345 | ||
| 100 |
_aDavies, Allan T. _915447 |
||
| 245 |
_aAnti semitism and the Christian mind _bthe crisis of conscience after Auschwitz _cAlan T. Davies |
||
| 260 |
_aNew York _bHerder and Herder _c1969 |
||
| 300 |
_a192p. ; _c22cm. |
||
| 650 |
_aChristianity and other religions _xJudaism _915448 |
||
| 650 |
_aJudaism _xRelations _xchristianity _915449 |
||
| 942 |
_2lcc _cMONOGRAPH |
||
| 999 |
_c122156 _d122156 |
||